000 00692nam a2200241 i 4500
001 bg
100 1 _aSZABELSKI, Kazimierz
245 1 0 _aZbiór zadań z drgań mechanicznych /
_cKazimierz Szabelski ; Politechnika Lubelska.
260 _aLublin :
_bWydaw. PL,
_c2002.
300 _a403, [2] s. :
_bil. ;
_c24 cm.
500 _aU góry okł. nazwa przedmiotu: Mechanika.
504 _aBibliogr.
650 9 _aDrgania
_xmechanika
655 _aPodręczniki akademickie
710 0 _aPolitechnika Lubelska
020 _a8386333219
040 _cBPK
041 0 _apol
080 _a534(075.8)
920 _a83-86333-21-9
942 _cKS
008 s pl f |000 0 pol
999 _c42732
_d42732
856 _uhttp://koha.tu.koszalin.pl/cgi-bin/koha/opac-detail.pl?biblionumber=42732
_yKatalog online BPK